| Поле | Название | Значение |
| |
Тип записи |
c |
| |
Библиографический уровень |
m |
| 001 |
Контрольный номер |
RU/IS/BASE/438685707 |
| 005 |
Дата корректировки |
20240410112242.8 |
| 010 |
Индекс ISBN |
__ |
| a |
ISBN |
5-7379-0261-7 |
| d |
Цена |
72-26 |
| 101 |
Язык документа |
0_ |
| a |
Язык текста |
rus |
| 200 |
Заглавие и сведения об ответственности |
1_ |
| a |
Заглавие |
Первая встреча с музыкой |
| e |
Сведения, относящиеся к заглавию |
из опыта работы педагога-пианиста с детьми дошк. и мл. шк. возраста : учеб. пособие |
| f |
Первые сведения об ответственности |
А. Артоболевская |
| b |
Общее обозначение материала |
Ноты |
| 210 |
Выходные данные |
__ |
| a |
Место издания |
Санкт-Петербург |
| c |
Издательство |
Композитор. Санкт-Петербург |
| d |
Дата издания |
2012 |
| 215 |
Физическое описание |
__ |
| a |
Объем |
96, [3] с. |
| c |
Иллюстрации/тип воспроизводства |
нот., цв. ил. |
| d |
Формат |
29 |
| 330 |
Аннотация |
__ |
| a |
Аннотация |
"Я счастлив, что школа Артоболевской живет и развивается, что ее труды издаются и переиздаются. Дети и молодые люди, которые любят и понимают большую, великую музыку, всегда будут любить своих близких и свою страну, ценить и уважать человеческий труд, человеческие чувства и мысли, работать много и честно, дружить с достойными людьми, творить благородные дела. Такие добрые и отзывчивые, духовно развитые юноши и девушки необходимы сегодня как воздух, как сама жизнь. Значит, и такие учителя музыки, как Анна Даниловна, - это наше драгоценное достояние, наша надежда на возможное новое Возрождение мира искусств в новом, недавно наступившем тысячелетии". Сергей Слонимский |
| 333 |
Примечание о целевом назначении |
__ |
| a |
Примечание о целевом назначении |
0+ |
| 606 |
Тематические рубрики |
__ |
| a |
Основная рубрика |
Музыка и зрелищные искусства |
| 606 |
Тематические рубрики |
__ |
| a |
Основная рубрика |
Инструментальная музыка |
| 610 |
Ключевые слова |
__ |
| a |
Ключевые слова |
музыкальные произведения; инструментальные произведения; фортепианные произведения; фортепианная музыка; инструментальные пьесы; фортепианные пьесы; фортепиано; музыкальные школы; детские музыкальные школы; нотная грамота; музыкальные упражнения |
| 686 |
Индексы других классификаций |
__ |
| a |
Классификационный индекс |
85.954.2я7; мл85.954.2я7 |
| 700 |
Автор |
_1 |
| a |
Фамилия |
Артоболевская |
| b |
Имя |
А. Д. |
| g |
Полное личное имя |
Анна Даниловна |
| 4 |
Код отношения |
070 |
| 801 |
Источник записи |
_0 |
| a |
Страна |
RU |
| b |
Организация |
Муниципальное бюджетное учреждение культуры "Централизованная библиотечная система" г. Сургут (Центральная городская библиотека им. А. С. Пушкина) |
| g |
Правила каталогизации |
КиК/Котельникова |
| 801 |
Источник записи |
_1 |
| a |
Страна |
RU |
| b |
Организация |
Муниципальное бюджетное учреждение культуры "Централизованная библиотечная система" г. Сургут (Центральная городская библиотека им. А. С. Пушкина) |
| g |
Правила каталогизации |
КиК/Котельникова |
| 852 |
Данные о местонахождении |
__ |
| j |
Шифр хранения |
85.954.2я7 |
| i |
Авторский знак |
А 86 |
| 901 |
Тип документа |
__ |
| t |
Тип документа |
m |
| 903 |
Характеристики (МАРС) |
__ |
| a |
Дата передачи |
20131122 |
| 969 |
Тип издания |
__ |
| a |
Тип издания |
нотное издание |
| 990 |
Данные о заказе (DOS) |
__ |
| j |
Количество экземпляров (DOS) |
2 |
| t |
N записи в КСУ для И/У (DOS) |
201311 |